Vista normal
Vista MARC
Entrada Topical Term
Número de registros utilizados en: 1
001 - CONTROL NUMBER
- control field: 12790
003 - CONTROL NUMBER IDENTIFIER
- control field: OSt
005 - DATE AND TIME OF LATEST TRANSACTION
- control field: 20210108102042.0
008 - FIXED-LENGTH DATA ELEMENTS
- fixed length control field: 210108|| aca||aabn | a|a d
040 ## - CATALOGING SOURCE
- Original cataloging agency: OSt
- Transcribing agency: OSt
150 ## - HEADING--TOPICAL TERM
- Topical term or geographic name entry element: Satisfacción del consumidor
- General subdivision: estudio de casos
- Geographic subdivision: América Latina
670 ## - SOURCE DATA FOUND
- Source citation: Work cat.: (OSt)4557: Vallejo López, Gabriel, autor 12787, Servicio con pasión : , 2013